Niepokonane reprezentacje piłkarskie w 2025 roku - Statystyki

Ogólne statystyki
  • Ten quiz został rozwiązany 75 razy
  • Średni wynik to 2 z 10
Statystyki odpowiedzi
Reprezentacja Konfederacja Wygrana Remis Porażka % Poprawnych
Hiszpania UEFA 6 4 0
97%
Holandia UEFA 6 4 0
50%
Norwegia UEFA 9 1 0
47%
Szwajcaria UEFA 7 3 0
22%
Ekwador CONMEBOL 3 7 0
19%
Filipiny AFC 4 1 0
2%
Papua-Nowa Gwinea OFC 2 0 0
2%
Republika Zielonego Przylądka CAF 6 4 0
2%
Vanuatu OFC 2 0 0
2%
Turks i Caicos CONCACAF 1 1 0
0%
Nie znaleziono quizów pasujących do podanych kryteriów
Rozkład punktacji
Procent ludzi z każdym wynikiem
Percentyl według liczby udzielonych odpowiedzi
Twoja historia wyników
Nie rozwiązałeś tego quizu